| 000 | 01496nam a2200373 i 4500 | ||
|---|---|---|---|
| 001 | 51496 | ||
| 003 | ES-MaCES | ||
| 005 | 20210726115914.0 | ||
| 007 | cr ||||||||||| | ||
| 008 | 200813s2020 sp |||| o000|| espd | ||
| 040 |
_aES-MaCES _bspa _cES-MaCES |
||
| 245 | 0 | 0 | _aEconomía, trabajo y sociedad : memoria sobre la situación socioeconómica y laboral : España 2019 |
| 300 | _aXVI, 693 p. (17,5 mb) | ||
| 500 | _aMemoria aprobada en la sesión ordinaria del Pleno del Consejo Económico y Social celebrada el 26 de junio de 2020 | ||
| 500 | _aÍndices | ||
| 593 |
_cMemoria sobre la Situación Socioeconómica y Laboral de España _f20200626 _iMEM-2019 _rOrdinaria _sPleno ordinario _vPresentes (36): (35) sí, (0) no, (1) abst. |
||
| 650 | 4 |
_aeconomía _926781 |
|
| 650 | 4 |
_acondiciones económicas _927081 |
|
| 650 | 4 |
_atrabajo _928289 |
|
| 650 | 4 |
_acondiciones de trabajo _928327 |
|
| 650 | 4 |
_asociedad _927269 |
|
| 650 | 4 |
_acondiciones sociales _930469 |
|
| 650 | 4 |
_acondiciones de vida _927111 |
|
| 650 | 4 |
_aEspaña _926964 |
|
| 650 | 4 |
_a2019 _939571 |
|
| 653 | 1 | 0 | _aCondiciones económicas |
| 700 | 1 |
_913524 _aGoerlich Peset, José María _eponente |
|
| 700 | 1 |
_939851 _aPereira Omil, María Edita _einterviniente |
|
| 700 | 1 |
_939852 _aRódenas Sancho, Elvira _einterviniente |
|
| 700 | 1 |
_923322 _aSánchez Pedroche, José Andrés _einterviniente |
|
| 856 | 4 |
_uhttp://www.ces.es/documents/MEM/2019/01 _ytexto completo |
|
| 902 | _aMemoria | ||
| 942 |
_2CES _cDI _h0.0. |
||
| 999 |
_c51496 _d51496 |
||